<?xml version="1.0" encoding="UTF-8"?>
<record
    xmlns:xsi="http://www.w3.org/2001/XMLSchema-instance"
    xsi:schemaLocation="http://www.loc.gov/MARC21/slim http://www.loc.gov/standards/marcxml/schema/MARC21slim.xsd"
    xmlns="http://www.loc.gov/MARC21/slim">

  <leader>02118nam a22002297a 4500</leader>
  <controlfield tag="003">NALT</controlfield>
  <controlfield tag="005">20220809140822.0</controlfield>
  <controlfield tag="008">220329b        th ||||| |||| 00| 0 tha d</controlfield>
  <datafield tag="020" ind1=" " ind2=" ">
    <subfield code="a">9786163946577</subfield>
  </datafield>
  <datafield tag="040" ind1=" " ind2=" ">
    <subfield code="a">NALT</subfield>
  </datafield>
  <datafield tag="050" ind1=" " ind2=" ">
    <subfield code="a">HA 29.5</subfield>
    <subfield code="b">&#xE0A;433&#xE01; 2558</subfield>
  </datafield>
  <datafield tag="100" ind1="0" ind2=" ">
    <subfield code="a">&#xE0A;&#xE31;&#xE22;&#xE27;&#xE34;&#xE0A;&#xE34;&#xE15; &#xE40;&#xE0A;&#xE35;&#xE22;&#xE23;&#xE0A;&#xE19;&#xE30;</subfield>
    <subfield code="9">57486</subfield>
  </datafield>
  <datafield tag="245" ind1="1" ind2="0">
    <subfield code="a">&#xE01;&#xE32;&#xE23;&#xE43;&#xE0A;&#xE49;&#xE2A;&#xE16;&#xE34;&#xE15;&#xE34;&#xE2B;&#xE25;&#xE32;&#xE22;&#xE15;&#xE31;&#xE27;&#xE41;&#xE1B;&#xE23;&#xE40;&#xE1E;&#xE37;&#xE48;&#xE2D;&#xE01;&#xE32;&#xE23;&#xE27;&#xE34;&#xE08;&#xE31;&#xE22; :</subfield>
    <subfield code="b">&#xE01;&#xE32;&#xE23;&#xE2D;&#xE2D;&#xE01;&#xE41;&#xE1A;&#xE1A; &#xE01;&#xE32;&#xE23;&#xE27;&#xE34;&#xE40;&#xE04;&#xE23;&#xE32;&#xE30;&#xE2B;&#xE4C;&#xE41;&#xE25;&#xE30;&#xE01;&#xE32;&#xE23;&#xE15;&#xE35;&#xE04;&#xE27;&#xE32;&#xE21;&#xE2B;&#xE21;&#xE32;&#xE22; /</subfield>
    <subfield code="c">&#xE0A;&#xE31;&#xE22;&#xE27;&#xE34;&#xE0A;&#xE34;&#xE15; &#xE40;&#xE0A;&#xE35;&#xE22;&#xE23;&#xE0A;&#xE19;&#xE30;.</subfield>
  </datafield>
  <datafield tag="260" ind1=" " ind2=" ">
    <subfield code="a">&#xE01;&#xE23;&#xE38;&#xE07;&#xE40;&#xE17;&#xE1E;&#xE2F; :</subfield>
    <subfield code="b">&#xE04;&#xE13;&#xE30;&#xE04;&#xE23;&#xE38;&#xE28;&#xE32;&#xE2A;&#xE15;&#xE23;&#xE4C;&#xE2D;&#xE38;&#xE15;&#xE2A;&#xE32;&#xE2B;&#xE01;&#xE23;&#xE23;&#xE21; &#xE21;&#xE2B;&#xE32;&#xE27;&#xE34;&#xE17;&#xE22;&#xE32;&#xE25;&#xE31;&#xE22;&#xE40;&#xE17;&#xE04;&#xE42;&#xE19;&#xE42;&#xE25;&#xE22;&#xE35;&#xE1E;&#xE23;&#xE30;&#xE08;&#xE2D;&#xE21;&#xE40;&#xE01;&#xE25;&#xE49;&#xE32;&#xE1E;&#xE23;&#xE30;&#xE19;&#xE04;&#xE23;&#xE40;&#xE2B;&#xE19;&#xE37;&#xE2D;,</subfield>
    <subfield code="c">2558.</subfield>
  </datafield>
  <datafield tag="300" ind1=" " ind2=" ">
    <subfield code="a">209 &#xE2B;&#xE19;&#xE49;&#xE32; :</subfield>
    <subfield code="b">&#xE20;&#xE32;&#xE1E;&#xE1B;&#xE23;&#xE30;&#xE01;&#xE2D;&#xE1A; ;</subfield>
    <subfield code="c">26 &#xE0B;&#xE21;.</subfield>
  </datafield>
  <datafield tag="505" ind1=" " ind2=" ">
    <subfield code="a">&#xE1A;&#xE17;&#xE19;&#xE33;&#xE2A;&#xE16;&#xE34;&#xE15;&#xE34;&#xE27;&#xE34;&#xE40;&#xE04;&#xE23;&#xE32;&#xE30;&#xE2B;&#xE4C;&#xE02;&#xE49;&#xE2D;&#xE21;&#xE39;&#xE25;&#xE2B;&#xE25;&#xE32;&#xE22;&#xE15;&#xE31;&#xE27;&#xE41;&#xE1B;&#xE23; -- &#xE01;&#xE32;&#xE23;&#xE27;&#xE34;&#xE40;&#xE04;&#xE23;&#xE32;&#xE30;&#xE2B;&#xE4C;&#xE2D;&#xE07;&#xE04;&#xE4C;&#xE1B;&#xE23;&#xE30;&#xE01;&#xE2D;&#xE1A; -- &#xE2A;&#xE2B;&#xE2A;&#xE31;&#xE21;&#xE1E;&#xE31;&#xE19;&#xE18;&#xE4C;&#xE04;&#xE32;&#xE42;&#xE19;&#xE19;&#xE34;&#xE04;&#xE2D;&#xE25; -- &#xE01;&#xE32;&#xE23;&#xE27;&#xE34;&#xE40;&#xE04;&#xE23;&#xE32;&#xE30;&#xE2B;&#xE4C;&#xE08;&#xE33;&#xE41;&#xE19;&#xE01; -- &#xE01;&#xE32;&#xE23;&#xE27;&#xE34;&#xE40;&#xE04;&#xE23;&#xE32;&#xE30;&#xE2B;&#xE4C;&#xE16;&#xE14;&#xE16;&#xE2D;&#xE22;&#xE42;&#xE25;&#xE08;&#xE34;&#xE2A;&#xE15;&#xE34;&#xE04; -- &#xE42;&#xE21;&#xE40;&#xE14;&#xE25;&#xE2A;&#xE21;&#xE01;&#xE32;&#xE23;&#xE42;&#xE04;&#xE23;&#xE07;&#xE2A;&#xE23;&#xE49;&#xE32;&#xE07;: &#xE41;&#xE19;&#xE27;&#xE04;&#xE34;&#xE14;&#xE41;&#xE25;&#xE30;&#xE2B;&#xE25;&#xE31;&#xE01;&#xE01;&#xE32;&#xE23; -- &#xE42;&#xE21;&#xE40;&#xE14;&#xE25;&#xE2A;&#xE21;&#xE01;&#xE32;&#xE23;&#xE42;&#xE04;&#xE23;&#xE07;&#xE2A;&#xE23;&#xE49;&#xE32;&#xE07; : &#xE01;&#xE32;&#xE23;&#xE27;&#xE34;&#xE40;&#xE04;&#xE23;&#xE32;&#xE30;&#xE2B;&#xE4C;&#xE2D;&#xE07;&#xE04;&#xE4C;&#xE1B;&#xE23;&#xE30;&#xE01;&#xE2D;&#xE1A;&#xE40;&#xE0A;&#xE34;&#xE07;&#xE22;&#xE37;&#xE19;&#xE22;&#xE31;&#xE19; -- &#xE42;&#xE21;&#xE40;&#xE14;&#xE25;&#xE2A;&#xE21;&#xE01;&#xE32;&#xE23;&#xE42;&#xE04;&#xE23;&#xE07;&#xE2A;&#xE23;&#xE49;&#xE32;&#xE07;: &#xE01;&#xE32;&#xE23;&#xE27;&#xE34;&#xE40;&#xE04;&#xE23;&#xE32;&#xE30;&#xE2B;&#xE4C;&#xE2D;&#xE34;&#xE17;&#xE18;&#xE34;&#xE1E;&#xE25; -- &#xE1A;&#xE17;&#xE2A;&#xE23;&#xE38;&#xE1B;&#xE41;&#xE25;&#xE30;&#xE41;&#xE19;&#xE27;&#xE42;&#xE19;&#xE49;&#xE21;&#xE01;&#xE32;&#xE23;&#xE43;&#xE0A;&#xE49;&#xE2A;&#xE16;&#xE34;&#xE15;&#xE34;&#xE01;&#xE32;&#xE23;&#xE27;&#xE34;&#xE40;&#xE04;&#xE23;&#xE32;&#xE30;&#xE2B;&#xE4C;&#xE02;&#xE49;&#xE2D;&#xE21;&#xE39;&#xE25;&#xE2B;&#xE25;&#xE32;&#xE22;&#xE15;&#xE31;&#xE27;&#xE41;&#xE1B;&#xE23;</subfield>
  </datafield>
  <datafield tag="650" ind1=" " ind2="4">
    <subfield code="a">&#xE2A;&#xE16;&#xE34;&#xE15;&#xE34;</subfield>
    <subfield code="9">11430</subfield>
  </datafield>
  <datafield tag="650" ind1=" " ind2="4">
    <subfield code="a">&#xE2A;&#xE16;&#xE34;&#xE15;&#xE34;&#xE27;&#xE34;&#xE40;&#xE04;&#xE23;&#xE32;&#xE30;&#xE2B;&#xE4C;</subfield>
    <subfield code="9">31581</subfield>
  </datafield>
  <datafield tag="850" ind1=" " ind2=" ">
    <subfield code="a">NALT</subfield>
  </datafield>
  <datafield tag="942" ind1=" " ind2=" ">
    <subfield code="c">GB</subfield>
    <subfield code="2">lcc</subfield>
  </datafield>
  <datafield tag="998" ind1=" " ind2=" ">
    <subfield code="a">kornsiririn</subfield>
    <subfield code="j">7560</subfield>
    <subfield code="k"> &#xE01;&#xE23;&#xE28;&#xE34;&#xE23;&#xE34;&#xE23;&#xE34;&#xE19;&#xE17;&#xE23;&#xE4C;  &#xE23;&#xE31;&#xE15;&#xE19;&#xE2A;&#xE38;&#xE20;&#xE32;</subfield>
  </datafield>
  <datafield tag="999" ind1=" " ind2=" ">
    <subfield code="c">99842</subfield>
    <subfield code="d">99842</subfield>
  </datafield>
  <datafield tag="952" ind1=" " ind2=" ">
    <subfield code="0">0</subfield>
    <subfield code="1">0</subfield>
    <subfield code="2">lcc</subfield>
    <subfield code="4">0</subfield>
    <subfield code="7">0</subfield>
    <subfield code="8">CSEN</subfield>
    <subfield code="a">NALT</subfield>
    <subfield code="b">NALT</subfield>
    <subfield code="c">GEN</subfield>
    <subfield code="d">2022-03-29</subfield>
    <subfield code="o">HA 29.5 &#xE0A;433&#xE01; 2558</subfield>
    <subfield code="p">0100007983001</subfield>
    <subfield code="r">2022-08-19 00:00:00</subfield>
    <subfield code="w">2022-03-29</subfield>
    <subfield code="y">GB</subfield>
  </datafield>
</record>
